000 00657nam a2200241Ia 4500
003 OSt
005 20220924114224.0
006 a|||||r|||| 00| 0
007 ta
008 220923b |||||||| |||| 00| 0 san d
024 _a40725
037 _cTextual
040 _aARTS
_cARTS
_bsan
041 _2san
_asan
082 _aO15:g, 152M2
100 _aAgnihotri Prabhudayal
_9172488
245 0 _aSanskrit sahitya chintan
260 _aAllahabad
_bSmarti Prakashan India
_c1982
300 _a320p.
_ccm.
650 _aSANSKRIT LITERATURE
942 _hO15:g, 152M2
_cTEXL
_2CC
999 _c392543
_d392543